00468nam a2200109Ia 4500008004100000050002500041100002900066245012200095260008600217300002800303521002700331140724s9999 xx 000 0 und d aQA 76.5b.Sa161 2008 aSalanga, Carl Leonard B. 4aThe computerized enrollment system of International Montessori School in Sta, Rosa Laguna /cCarl Leonard B. Salanga. aLas Piñas, Philippines :bSouthville International School and Colleges,cc2008. a84 p. :bill. ;c28 cm. aInformation Technology